000 00817cab a2200241 4500
001 ABS58425
008 090401t1998 xxu||||| |||| 00| 0 eng d
035 _a(Sirsi) u84872
041 _aeng
100 _aKhan, N.
245 _aRoad to riches
260 _c1998
350 _a0
490 _aEstates Gazette
_v(9810) 7 March 1998, 153-154(2)
520 _aTraffic sign agreements, deeds of rent charge, specific conditions attached to planning permission, tenant mix and lease to fuel operators are key issues which must be considered by developers bidding for motorway service area schemes.
650 _aDEREGULATION
650 _aMOTORWAY SERVICE AREAS
650 _aPLANNING CONDITIONS
650 _aTRAFFIC SIGNS
690 _aPROPERTY-PROPERTY DEVELOPMENT
942 _n0
948 _c13/03/1998
999 _c53376
_d53376